000 00523nam a2200169Ia 4500
008 090711s9999 xx 000 0 und d
082 _b73412
100 _aकुकडे सुमती
245 _aसकस खा बलवान व्हा
260 _c1994
300 _a54
600 _aकुकडे सुमती
630 _aसकस खा बलवान व्हा
700 _aकुकडे सुमती
730 _aसकस खा बलवान व्हा
942 _cBOOK
999 _c309690
_d309690